000 01031nam a22002891 4500
001 20126
003 CZ PrNK
005 20260116145535.0
008 020331s1961 xo e 01| 0 slo
040 _aABA001
_bcze
_cABA001
_dABA001
072 7 _a72/76
_xVýtvarné umění
_2Konspekt
080 _a72/76
_2MRF
080 _a72/76.092
_2MRF
080 _a(082)
_2MRF
245 0 0 _aHrozby a nádeje ľudstva :
_bsúťaž k 15. výročiu Slovenského národného povstania /
_cúvodný text napísal a výber veršóv previedol Juraj Špitzer
250 _a1. vyd.
260 _aBratislava :
_bVydav. Slov. fondu výtvarných umení,
_c1961
300 _a123 s. :
_b86 barev. obr. příl. ;
_c
490 1 _aSborníky ;
_vzv. 1
650 0 7 _avýtvarné umění
_2czenas
650 0 7 _avýtvarné soutěže
_2czenas
655 7 _asborníky
_2czenas
700 1 _aŠpitzer, Juraj,
_d1919-1995
_4aui
_4com
830 0 _aSborníky (Vydavateľstvo Slovenského fondu výtvarných umení)
910 _aABA001
942 _2ddc
_cOLDO
_n0
999 _c20126
_d20126